| 000 | 00337nam a22001337a 4500 | ||
|---|---|---|---|
| 008 | 170928b xxu||||| |||| 00| 0 eng d | ||
| 020 | _a9780205297153 | ||
| 041 | _aeng | ||
| 080 | _a37 | ||
| 100 | _a47 | ||
| 101 | _aEDU | ||
| 245 |
_aAN INTRODUCTION TO TEACHING COMPOSITION IN AN ELECTRONIC ENVIRONMENT _cHOFFMAN, E |
||
| 942 |
_2udc _cBK |
||
| 999 |
_c30371 _d30371 |
||